000 00239nam a2200085Ia 4500
008 120527s9999 xx 000 0 und d
100 _aFAJIMI, J.
245 _aNational Population census what Nigerians need to know:Roadmap to a
942 _cBK
999 _c25810
_d25810